[Event "Hoogovens-B"]
[Site "Wijk aan Zee"]
[Date "1989.01.21"]
[Round "5"]
[White "Kuijf, Marinus"]
[Black "Hodgson, Julian M"]
[Result "0-1"]
[WhiteElo "2485"]
[BlackElo "2545"]
[Annotator "ChessBase"]
[PlyCount "42"]
[EventDate "1989.01.16"]
[EventType "tourn"]
[EventRounds "11"]
[EventCountry "NED"]
[EventCategory "10"]
[SourceTitle "CBM 012"]
[Source "ChessBase"]
[SourceDate "1989.10.01"]
[SourceVersion "1"]
[SourceVersionDate "1989.10.01"]
[SourceQuality "1"]

1. e4 d5 2. exd5 Nf6 3. c4 e6 $5 4. dxe6 Bxe6 5. d4 (5. Nf3 $5 Nc6 (5... c5 6.
d4 cxd4 7. Nxd4 Bb4+ 8. Nc3 $1 $14 O-O 9. Nxe6 Qxd1+ 10. Kxd1 fxe6 11. f3 $14)
6. Be2 (6. d4 $6 Bb4+ 7. Nc3 Ne4 8. Bd2 Nxd2 9. Qxd2 Qe7 10. Qe3 O-O-O $44)
6... Bc5 7. O-O (7. Nc3 Qd7 8. d3 O-O-O 9. Be3 Bxe3 10. fxe3 Ng4 11. Qd2 Nb4
12. O-O-O Nf2 13. d4 Nxh1 14. Rxh1 Qe7 15. e4 $44 {Titz-Palme/1965/}) 7... Qd7
(7... Nd4 8. Nxd4 (8. Nc3 h5 9. d3 Qd7 10. Be3 Nxf3+ 11. Bxf3 Bxe3 12. fxe3 Ng4
13. Qe2 O-O-O 14. d4 $14 {Schneider,LA-Stefansson,H/Rilton-Cup/1988/ ->CBM11/S.
38} f5) 8... Qxd4 9. d3 O-O-O 10. Nd2 Bd6 11. Nf3 Qb6 12. d4 $16 {Adams,
M-Thorhallson,T/EU-chJ Arnhem/1988/}) 8. Nc3 (8. b4 Bd4 $1 9. Nxd4 Nxd4 10. Bb2
O-O-O $10 {Huenerkopf-Hartmann,G/BL/1988/}) 8... O-O-O 9. a3 Nd4 10. b4 Nxf3+
11. Bxf3 Bd4 12. c5 Bc4 13. Re1 Bxf2+ 14. Kxf2 Qd4+ 15. Re3 Rhe8 16. d3 Qxc3
$19 {Borge,N-Rinne/NOR/1987/0-1/}) 5... Bb4+ 6. Bd2 Qe7 7. Bxb4 (7. Be2 Nc6 $1
(7... Bxc4 $2 8. Qa4+ Nc6 9. Bxb4 $16) 8. d5 Nxd5 9. cxd5 Bxd5 10. Kf1 (10. Nf3
$2 Bxf3 11. gxf3 O-O-O 12. Nc3 Rhe8 $19) 10... O-O-O 11. Qe1 $1 (11. Bxb4 Bxg2+
$1 12. Kxg2 Qe4+ 13. Bf3 Qg6+ 14. Bg4+ f5 15. Qf3 fxg4 16. Qf4 Rd4 $13) 11...
Bxd2 12. Nxd2 Kb8 13. Bf3 {13.Ngf3 (!)} Qd6 14. Bxd5 Qxd5 15. Ngf3 Rhe8 16. Qc1
Qd3+ 17. Kg1 Re2 18. Qc4 Rxd2 19. Nxd2 Qxd2 20. Qc3 Qxc3 $5 (20... Qe2 $6 21.
h4 Rd2 22. Rf1 Nd4 23. Rh3 $2 {>= 23.Qe3+/=} c5 $4 (23... Rd1 $1 24. Rxd1 Qxd1+
25. Kh2 Ne2 $19) 24. Re3 $18 {Ioseliani,N-Gurieli,N/Tbilisi/1987/}) 21. bxc3
Rd3 22. g3 (22. Rc1 Rd2 23. a4 Ne5 24. h4 Nd3 25. Rf1 a5 $44) 22... Rxc3 23.
Kg2 a5 $10) 7... Qxb4+ 8. Qd2 (8. Nd2 $6 Nc6 $1 9. Ngf3 O-O-O 10. d5 Bg4 11.
Be2 Bxf3 12. Bxf3 Rhe8+ 13. Kf1 Nd4 14. Qc1 Nxf3 15. Nxf3 Re4 16. b3 Rde8 17.
h3 Nh5 $1 18. g3 (18. Qd2 Qxd2 19. Nxd2 Re2 $17) 18... Nxg3+ $1 19. fxg3 Re3
20. Ng1 Qd6 21. Rh2 Rxg3 22. Qb2 Qg6 23. Kf2 Ree3 24. Ne2 Rgf3+ 25. Ke1 Qg1+
26. Kd2 Qxh2 27. Re1 Qf2 {0-1; Sokolov,A-Speelman/Madrid 25 min/1988/}) 8...
Nc6 9. Nc3 (9. d5 O-O-O $1) 9... O-O-O 10. d5 Bg4 11. f3 (11. h3 Rhe8+ $17)
11... Rhe8+ 12. Be2 Bf5 13. O-O-O Na5 14. g4 (14. Nb5 Qb3 $1 15. Nd4 Qxa2 16.
Qc3 Bg6 17. b4 (17. Qa3 $2 Qb1+ 18. Kd2 Rxe2+ $1 19. Kxe2 Re8+ 20. Ne6 Qc2+ 21.
Ke1 Qxg2 $19) 17... Qb1+ 18. Kd2 Qa2+ 19. Kc1 Qb1+ $10) 14... Bg6 15. Nh3 $2 (
15. b3 $1 c6 $1 $13) 15... Nd7 16. Nb1 $2 {>= 16.Ne4} (16. Bd3 $5 Nc5 17. Bxg6
Nab3+ 18. axb3 Nxb3+ 19. Kc2 Nxd2 20. Bf5+ Kb8 21. Rxd2 $13) 16... Qb3 $1 17.
Bd3 Qxa2 18. Qb4 Re2 $1 19. Bxe2 Nb3+ 20. Qxb3 Qxb3 21. Rd2 Qe3 0-1

[Event "EU-ch 2nd"]
[Site "Ohrid"]
[Date "2001.06.03"]
[Round "3"]
[White "Psakhis, Lev"]
[Black "Gausel, Einar"]
[Result "1-0"]
[WhiteElo "2575"]
[BlackElo "2480"]
[Annotator "Dautov,R"]
[PlyCount "99"]
[EventDate "2001.06.01"]
[EventType "swiss"]
[EventRounds "13"]
[EventCountry "YUG"]
[SourceTitle "CBM 084"]
[Source "ChessBase"]
[SourceDate "2001.09.13"]
[SourceVersion "1"]
[SourceVersionDate "2001.09.13"]
[SourceQuality "1"]

1. e4 d5 2. exd5 Qxd5 3. Nc3 Qa5 4. d4 c6 5. Bc4 Bf5 6. Nf3 Nf6 7. Bd2 e6 8.
Ne4 {Diese Fortsetzung ist recht unangenehm für die Skandinavisch-Anhänger.
Weiß bekommt einen leichten, aber langfristigen Vorteil dank seines
Läuferpaares.} Qc7 (8... Qd8 9. Ng3 Bg4 (9... Bg6 $6 10. h4 $36) 10. c3 Nbd7
11. h3 Bxf3 12. Qxf3 $14) 9. Nxf6+ gxf6 10. Nh4 ({Bekannt ist, daß nach} 10.
Qe2 Bxc2 $2 {äußerst gefährlich ist wegen} 11. Rc1 Bg6 12. d5 cxd5 13. Bb5+ Nc6
14. Nd4 $16) 10... Bg6 11. Qe2 Nd7 ({An dieser Stelle war} 11... Bxc2 {eher
möglich, dennoch würde ich mich hüten, die Bauernannahme zu empfehlen.} 12. Rc1
Bg6 13. d5 cxd5 14. Bxd5 Nc6 $13) 12. O-O-O O-O-O 13. c3 $146 ({Meistens wird
hier} 13. Bb3 {gespielt, wonach M.Wahls} c5 $1 14. d5 Nb6 {empfiehlt. Nach} 15.
Nxg6 (15. Ba5 $4 Qf4+ $19) 15... hxg6 16. Ba5 (16. dxe6 $4 c4 $19) 16... e5 17.
c4 Bd6 18. h4 f5 19. h5 Rh6 {ist die schwarze Stellung gut spielbar.}) 13... c5
$2 {Wahrscheinlich erinnerte sich Gausel an die Empfehlung von Wahls und zog
dies, ohne die leichte Stellungsveränderung kritisch zu überprüfen.
Stattdessen sollte er 13...Nb6 oder 13...Bd6 wählen.} (13... Nb6 14. Bb3 c5 15.
dxc5 Bxc5 16. Nxg6 hxg6 17. h4 $14) (13... Bd6) 14. d5 Nb6 $2 {Ein Fehler
kommt selten allein!} (14... exd5 15. Bxd5 Nb6 16. Bf3 $14 {[%csl Rf6,Rf7]
hätte den Schaden noch in Grenzen gehalten.}) 15. Nxg6 hxg6 16. dxe6 $1 {
Natürlich! Im Unterschied zu 13.Bb3 ist dieser Zug möglich. Weiß gewinnt einen
Bauern.} Rxd2 ({Auch} 16... Re8 {half nicht wegen} 17. Qg4 $1 f5 18. exf7 $1
Re7 19. Qxg6 Nxc4 20. Bg5 $18) (16... Rh7 17. exf7 Nxc4 18. Qxc4 Qxf7 $16) 17.
Rxd2 Bh6 18. Rhd1 fxe6 (18... Re8 19. Qg4 $1) 19. Qxe6+ Kb8 20. g3 $2 ({
Weiß konnte auch den zweiten Bauern verspeisen.} 20. Qxf6 $1 Rd8 (20... Rf8 $2
21. Qxf8+ Bxf8 22. Rd8+ $18) 21. Be2 $18) 20... Bxd2+ 21. Rxd2 Nxc4 22. Qxc4
Re8 23. h4 $16 f5 24. Qd5 a5 25. Kd1 a4 26. Qd6 a3 27. bxa3 Re4 28. Qxc7+ Kxc7
29. Re2 Ra4 30. Re7+ Kd6 31. Rxb7 Rxa3 32. Rb6+ Kd5 33. Rxg6 Rxa2 34. Ke1 Ke4
35. Re6+ Kf3 36. Re5 f4 37. Rxc5 Re2+ 38. Kd1 Rxf2 39. gxf4 Kxf4 40. h5 Rh2 41.
Rd5 Ke3 42. Kc1 Ke4 43. c4 Ke3 44. h6 Rxh6 $2 (44... Rh4 $1 {gab Schwarz
einige Remischancen.}) 45. Kc2 $18 Ke4 46. Kc3 Rc6 47. Rh5 Ra6 48. Kb4 Ra1 49.
c5 Kd4 50. c6 1-0

[Event "Asia-ch"]
[Site "Kolkata"]
[Date "2001.08.10"]
[Round "2"]
[White "Prasad, Devaki V"]
[Black "Adianto, Utut"]
[Result "1-0"]
[WhiteElo "2440"]
[BlackElo "2598"]
[Annotator "Dautov,R"]
[PlyCount "81"]
[EventDate "2001.08.09"]
[EventType "swiss"]
[EventRounds "11"]
[EventCountry "IND"]
[SourceTitle "CBM 085"]
[Source "ChessBase"]
[SourceDate "2001.11.13"]
[SourceVersion "1"]
[SourceVersionDate "2001.11.13"]
[SourceQuality "1"]

1. e4 d5 2. exd5 Nf6 3. d4 Nxd5 4. Nf3 g6 5. h3 Bg7 6. c4 Nb6 7. Nc3 O-O 8. Be3
Nc6 9. Qd2 e5 10. d5 Ne7 11. g4 f5 ({Eine gute Alternative stellt 11...e4!?
dar:} 11... e4 12. Nxe4 f5 13. Nc5 fxg4 14. Ng5 Nf5 15. Nce6 Bxe6 16. Nxe6 Qf6
$13) 12. O-O-O e4 ({Zweifelhaft ist} 12... fxg4 13. Ng5 Nf5 14. hxg4 Nxe3 15.
Qxe3 Rf4 16. Nce4 h6 17. Ne6 Bxe6 18. dxe6 Qe7 19. c5 $16 {Rodriguez,P-Sariego,
W/Cuba ch 1987}) 13. Ng5 h6 14. Ne6 Bxe6 15. dxe6 Qxd2+ 16. Rxd2 {Dies ist
eine der wichtigsten Stellungen im Skandinawisch mit 2...Nf6. Schwarz hat
einige Schwierigkeiten im Endspiel, da das weiße Läuferpaar aktiv ist und der
Freibauer e6 leicht gefährlich werden kann.} Bxc3 $2 {Dieser Zug wurde bisher
nur einmal gespielt, und nicht ohne Grund.} ({Als am sichersten gilt die
Verteidigung} 16... Rfd8 17. Rxd8+ Rxd8 18. c5 Nbd5 19. Nxd5 Nxd5 20. Bc4 Kf8 {
,obwohl Weiß noch lange Zeit seinen Druck behält, z.B.} 21. Rd1 c6 22. gxf5
gxf5 23. Rg1 Bf6 24. Bxh6+ Ke7 25. Rg6 Rh8 26. Kd1 (26. Bg7 Bxg7 27. Rxg7+ Kxe6
28. Rxb7 Rxh3 29. Rc7 Ke5 $132 {Kulish,I-Sivokho,S/St Petersburg 1993}) 26...
Rh7 27. a3 a5 28. b3 Nc3+ $6 (28... f4 $5) 29. Ke1 a4 $2 30. b4 Nd5 31. b5 $16
{Hellers,F-Kristiansen,J/Gausdal 1987}) 17. bxc3 f4 18. Bc5 Rfe8 19. Rd7 $1 ({
Auch die ruhige Fortsetzung eines Computers beweist den Vorteil von Weiß:} 19.
Re2 e3 20. fxe3 f3 21. Rf2 Nc6 22. Bd4 Rxe6 23. c5 Nxd4 24. cxd4 Nd5 25. Bc4 c6
26. Rxf3 Rf8 27. Rxf8+ Kxf8 28. Kd2 $16 {Comp MChess Pro-Ludden,G/The Hague
1997}) 19... Nc6 (19... Nxd7 20. exd7 Red8 21. Bxe7 Rxd7 22. Bf6 Kf7 23. g5 $16
) 20. Rxc7 Rxe6 21. Rxb7 Rd8 $2 {Dieser Fehler ist schwer zu erklären. Schwarz
sollte mittels 21...Na5 oder 21...Ne5 zumindest einen Bauern zurückgewinnen.} (
21... Na5 22. Rc7 Naxc4 23. Bd4 $14) 22. Bxb6 axb6 23. c5 $1 $18 {Nun ist
guter Rat teuer. Weiß gewinnt den zweiten Bauern und setzt seinen Vorteil
sicher um.} Ne5 24. Rxb6 Re7 (24... Rxb6 25. cxb6 Rb8 26. Bb5 Rxb6 27. a4 $18)
25. Bb5 Rd5 26. c6 Kf7 27. Re1 e3 28. fxe3 f3 29. Rf1 Rc5 30. Kc2 Kf6 31. Kb3
Kg5 32. e4 Kf4 33. Kb4 Rxb5+ 34. Kxb5 Ke3 35. Kc5 Ra7 36. Rb7 Ra5+ 37. Kd6 Nc4+
38. Ke7 Re5+ 39. Kd7 Nd2 40. Rxf3+ Nxf3 41. c7 1-0

[Event "Moscow Aeroflot op"]
[Site "Moscow"]
[Date "2002.02.09"]
[Round "8"]
[White "Galkin, Alexander"]
[Black "Vlassov, Nikolai"]
[Result "1-0"]
[WhiteElo "2570"]
[BlackElo "2454"]
[Annotator "Dautov,R"]
[PlyCount "103"]
[EventDate "2002.02.04"]
[EventType "swiss"]
[EventRounds "9"]
[EventCountry "RUS"]
[SourceTitle "CBM 088"]
[Source "ChessBase"]
[SourceDate "2002.03.21"]
[SourceVersion "1"]
[SourceVersionDate "2002.03.21"]
[SourceQuality "1"]

1. e4 d5 2. exd5 Nf6 3. d4 Bg4 4. Bb5+ Nbd7 5. f3 Bf5 6. c4 e6 7. dxe6 Bxe6 8.
d5 {Die Hauptfortsetzung. Versucht wurde bisher unter anderem 8.c5 und 8.Bxd7+.
} Bf5 9. Be3 $6 {Besser ist das häufiger gespielte 9.Nc3.Mit dem Textzug will
Weiß offensichtlich die Möglichkeit 9...Bc5 ausschließen, kommt aber später
zur Rochade. Schwarz kann diesen Umstand nutzen, um den Bauern
zurückzugewinnen.} (9. Nc3 Bc5 (9... Bb4 10. Nge2 O-O 11. Bxd7 Nxd7 12. O-O Ne5
13. Ng3 $16 Bd3) 10. Qe2+ Kf8 11. Be3 Qe7 $44 12. Bxd7 Nxd7 13. Bxc5 Qxc5 14.
Ne4 Qb4+ 15. Qd2 a5 16. Ne2 Bxe4 17. fxe4 Nc5 18. Qxb4 axb4 19. O-O Re8 $11 {
Sveshnikov,E-Cebalo,M/Ljubljana 1997}) 9... Bb4+ 10. Nc3 O-O 11. Nge2 (11. Bxd7
Nxd7 12. Bd4 (12. Nge2 $6 Ne5 13. O-O Nxc4 $11) 12... Re8+ 13. Nge2 Bxc3+ 14.
bxc3 (14. Bxc3 $2 Qh4+ $17) 14... c5 15. dxc6 bxc6 16. O-O c5 17. Bf2 Be6 $11)
11... Ne5 12. O-O (12. Nd4 Nd3+ 13. Kf1 Bg6 $44) 12... a6 $11 13. Bd4 axb5 14.
Bxe5 bxc4 15. Qd4 Bd3 16. Bxf6 Qxf6 17. Qxf6 gxf6 {Schwarz gelang nicht nur
der Bauerngewinn, er steht auf den ersten Blick dank seines Läuferpaares etwas
besser im Endspiel. Dennoch trügt der Schein, die Stellung ist ausgeglichen.
In seinen Bemühungen, den Vorteil nachzuweisen, verpaßt Schwarz den richtigen
Zeitpunkt für eine Remisabwicklung.} 18. Rfd1 Bc5+ (18... Bd6 19. g3 {/\Nf4})
19. Kh1 Be3 (19... Rfe8 $5 20. Nf4 Re3) 20. g3 Rfe8 21. Nf4 Bc2 (21... Bxf4 22.
gxf4 $11) 22. Re1 Re5 23. Re2 Bd3 24. Nxd3 cxd3 25. Ree1 c5 26. dxc6 bxc6 27.
Rad1 Rd8 $2 (27... d2 28. Re2 Bh6 29. f4 Rxe2 30. Nxe2 Rxa2 31. Rxd2 $14) ({
Es war höchste Zeit, ins Remis abzuwickeln:} 27... Bd4 $1 28. Rxe5 fxe5 29.
Rxd3 Bxc3 30. bxc3 Rxa2 $11) 28. Ne4 $16 Rxe4 $2 (28... f5 29. Rxe3 fxe4 30.
fxe4 $16) 29. fxe4 Bh6 30. Rf1 $18 Rd6 31. Rf5 d2 32. Kg2 Kf8 33. Kf2 Ke7 34.
Rh5 f5 35. e5 Re6 36. Rxf5 c5 37. Rf6 Be3+ 38. Kxe3 Rxe5+ 39. Kxd2 Kxf6 40.
Rf1+ Kg6 41. a4 Re8 42. a5 Ra8 43. Ra1 Kf5 44. Kc3 Kg4 45. a6 Kh3 46. Kc4 h5
47. Kxc5 Kxh2 48. Ra3 f5 49. a7 Rxa7 50. Rxa7 Kxg3 51. b4 f4 52. b5 1-0

[Event "FRA-ch Pool B"]
[Site "Marseille"]
[Date "2001.08.15"]
[Round "3"]
[White "Apicella, Manuel"]
[Black "Chabanon, Jean Luc"]
[Result "1-0"]
[WhiteElo "2524"]
[BlackElo "2511"]
[Annotator "Dautov,R"]
[PlyCount "101"]
[EventDate "2001.08.13"]
[EventType "tourn"]
[EventRounds "7"]
[EventCountry "FRA"]
[EventCategory "13"]
[SourceTitle "CBM 085"]
[Source "ChessBase"]
[SourceDate "2001.11.13"]
[SourceVersion "1"]
[SourceVersionDate "2001.11.13"]
[SourceQuality "1"]

{[%mdl 32768]} 1. e4 d5 2. exd5 Qxd5 3. Nc3 Qa5 4. d4 Nf6 5. Nf3 c6 6. Bc4 Bf5
7. Bd2 e6 8. Nd5 Qd8 9. Nxf6+ Qxf6 10. Qe2 Bd6 {Dieser Zug ist ein seltener
Gast in der Turnierpraxis. Zu den Hauptfortsetzungen zählen 10...Bg4 und 10...
Nd7.} (10... Bg4 11. d5 Bxf3 12. gxf3 cxd5 13. Bxd5 Nd7 14. O-O-O Ba3 15. c3
O-O 16. Be4 Be7 {Shirov,A-Salov,V/Madrid 1997} 17. h4 $1 $40) (10... Nd7 11.
O-O-O h6 12. Bc3 Qe7 13. Rhe1 Nb6 14. d5 cxd5 15. Bxd5 O-O-O 16. Bb3 Bg4 17. h3
Rxd1+ 18. Rxd1 Bxf3 19. Qxf3 Qc7 20. a4 $16 {Van der Weide,K-Gelashvili,T/
Dieren 2000}) 11. O-O-O O-O {Die Stellung ist neu, bisher hat sich Schwarz
nicht getraut, in den kommenden weißen Angiff hinein zu rochieren. Apicella
zeigt recht überzeugend die Gefährlichkeit dieses Unterfangens.} (11... Bg4 12.
d5 $36) 12. Bg5 Qg6 13. h4 $1 h6 (13... Bg4 14. Qe3 Qh5 (14... Nd7 $2 15. h5 $1
Qf5 16. h6 $40) 15. Rdg1 Nd7 16. Ne5 $36 {[%cal Rf2f3]}) (13... Qh5 $142) 14.
h5 $1 Qh7 15. Be3 {/\Nh4} b5 16. Bd3 (16. Bb3 a5 $132) 16... Na6 {/\Nb4} 17. c3
(17. Bxf5 $1 Qxf5 18. c3 $14) 17... Nc7 $2 {Es war in jedem Fall besser, auf
d3 zu tauschen. Nun gewinnt Weiß ein wichtiges Tempo für seinen Bauernangriff.}
(17... Bxd3 18. Rxd3 Qe4 (18... Nc7 $5 19. g4 Nd5) 19. Rdd1 (19. Rh4 Qd5 20.
Kb1 b4 21. c4 Qxc4 22. d5 Qb5 $13) 19... Nc7 20. g4 Nd5 21. Nd2 Qh7 $14) 18.
Bxf5 Qxf5 $2 ({Schwarz sollte zum unschönen} 18... exf5 {greifen, in der
Partie wird er regelrecht "überrollt".}) 19. g4 $1 $16 Qxg4 (19... Qd5 20. g5
hxg5 21. h6 $40) (19... Qh7 20. g5 $40) 20. Rdg1 Qe4 (20... Qf5 21. Bxh6 Bf4+
22. Bxf4 Qxf4+ 23. Kb1 $16) 21. Rxg7+ Kh8 22. Rhg1 Nd5 23. Nd2 Qf5 24. Bxh6 Rg8
25. Qe4 Rxg7 $2 ({Allein} 25... Qxe4 26. Rxg8+ (26. Nxe4 $2 Bf4+ 27. Bxf4 Rxg7
28. Be5 f6 $17) 26... Rxg8 27. Rxg8+ Kxg8 28. Nxe4 $16 {bot Schwarz noch
einige Überlebenschancen.}) 26. Bxg7+ Kh7 27. Qxf5+ exf5 28. Be5 Bf8 29. Nf3 f6
30. Bh2 Re8 31. Kd1 a5 32. Nh4 $18 f4 33. Nf5 a4 34. a3 c5 35. Re1 Rxe1+ 36.
Kxe1 b4 37. cxb4 cxb4 38. axb4 Bxb4+ 39. Kd1 Ba5 40. f3 Bb4 41. Bg1 Nb6 42. Kc2
Be1 43. Kd3 Nd5 44. Kc4 Nb6+ 45. Kb5 Nd5 46. Kxa4 Bd2 47. Kb3 Be3 48. Kc4 Nb6+
49. Kb5 Nc8 50. Nxe3 fxe3 51. Bxe3 1-0

[Event "Altensteig"]
[Site "Altensteig"]
[Date "1994.??.??"]
[Round "9"]
[White "Almasi, Zoltan"]
[Black "Dautov, Rustem"]
[Result "1/2-1/2"]
[WhiteElo "2620"]
[BlackElo "2630"]
[Annotator "Dautov,R"]
[PlyCount "38"]
[EventDate "1994.08.??"]
[EventType "tourn"]
[EventRounds "11"]
[EventCountry "GER"]
[EventCategory "12"]
[SourceTitle "CBM 043"]
[Source "ChessBase"]
[SourceDate "1994.12.01"]
[SourceVersion "1"]
[SourceVersionDate "1994.12.01"]
[SourceQuality "1"]

1. e4 d5 2. exd5 Qxd5 3. Nc3 Qa5 4. d4 Nf6 5. Nf3 c6 6. Bc4 Bf5 7. Bd2 e6 8.
Qe2 Bb4 9. a3 Nbd7 10. O-O-O Bxc3 11. Bxc3 Qc7 12. Ne5 (12. Bd2 $6 b5 13. Bd3
Bxd3 14. Qxd3 O-O 15. Rhe1 Rfc8 16. Kb1 c5 17. dxc5 Nxc5 18. Qxb5 Nce4 $40 {
Huebner-Wahls/BL 9394}) 12... b5 $5 $146 (12... Nd5 13. Bd2 Nxe5 14. dxe5 O-O-O
15. g4 Bg6 16. f4 h5 17. h3 Qb6 18. Rhf1 hxg4 19. hxg4 Qc5 20. Bb3 Rh3 21. Rf3
$14 {Psakhis-Wahls/Baden Baden/1992}) 13. Bd3 (13. Bb3 Be4 $1 14. Rhe1 Bd5 $10
{/\} 15. Nxf7 $2 (15. Bxd5 Nxd5 16. Nxf7 $4 Qf4+ $19) 15... Kxf7 16. Bxd5 exd5
17. Qe7+ Kg6 18. Rd3 Rhe8 19. Rg3+ Qxg3 $19) 13... O-O (13... Bxd3 $6 14. Rxd3
O-O 15. Rg3 Nd5 16. Bd2 $40) 14. Bxf5 exf5 15. Qf3 $1 Nd5 $8 (15... Nxe5 $2 16.
dxe5 Nd5 17. Qxf5 Nxc3 18. bxc3 Rad8 19. Kb2 $16) 16. Qxf5 Nxc3 17. Nxd7 (17.
bxc3 Nb6 {/\f6} 18. Rd3 Qe7 (18... Qd6 19. Rh3 Qxa3+ (19... g6 20. Qf4 f6 21.
Qh6 Qxa3+ 22. Kb1 Qe7 23. Nxg6 $18) 20. Kd2 h6 21. g4 $40 (21. Nxc6 Nc4+ $10))
19. Kb2 (19. Rh3 g6 20. Qf4 f6 21. Nxc6 Qxa3+ 22. Kd2 Nc4+ $40) 19... Rac8 $44
(19... f6 $2 20. Nxc6 Nc4+ 21. Kb1 Qxa3 22. Qxb5 $16)) 17... Nxd1 18. Nxf8 Rxf8
(18... g6 $2 19. Ne6 Qe7 20. Qe5 f6 21. Qe2 Nxf2 22. Re1 $18) 19. Rxd1 (19.
Kxd1 Rd8 20. Qe4 c5 (20... Qd6 21. c3 c5 22. Kc2 cxd4 23. cxd4 Qxd4 24. Qxd4
Rxd4 25. Rd1 Rc4+ 26. Kb3 $16) 21. Kc1 cxd4 22. Kb1 h6 23. g3 a5 24. Rd1 Qb6
25. Qd3 b4 $10) 19... Qxh2 $10 1/2-1/2

[Event "Altensteig"]
[Site "Altensteig"]
[Date "1994.??.??"]
[Round "3"]
[White "Vogt, Lothar"]
[Black "Dautov, Rustem"]
[Result "1/2-1/2"]
[WhiteElo "2515"]
[BlackElo "2630"]
[Annotator "Dautov,R"]
[PlyCount "60"]
[EventDate "1994.08.??"]
[EventType "tourn"]
[EventRounds "11"]
[EventCountry "GER"]
[EventCategory "12"]
[SourceTitle "CBM 043"]
[Source "ChessBase"]
[SourceDate "1994.12.01"]
[SourceVersion "1"]
[SourceVersionDate "1994.12.01"]
[SourceQuality "1"]

1. e4 d5 2. exd5 Qxd5 3. Nc3 Qa5 4. d4 Nf6 5. Nf3 c6 6. Bc4 Bf5 7. Bd2 e6 8.
Qe2 Bb4 9. Ne5 Nbd7 10. Nxd7 Nxd7 11. a3 Bxc3 12. Bxc3 Qc7 13. d5 $1 (13. O-O
O-O $10) 13... cxd5 14. Bxd5 O-O 15. Bf3 Rac8 (15... Nf6 16. Be5 $1 Qxc2 17.
Qxc2 Bxc2 18. Bxb7 Rad8 19. O-O Bb3 20. Rac1 $14 {Tischbierek-Doncevic/BL 9091}
) (15... e5 16. O-O e4 17. Bxe4 Rae8 18. f3 Nc5 19. Qc4 Bxe4 20. fxe4 Rxe4 21.
Qd5 $14) 16. O-O Nb6 17. Rac1 Rfd8 18. Rfd1 (18. Be5 Qc4 (18... Qe7 19. b3 $14)
19. Rfe1 (19. Qe3 Qb5 $1) 19... Qxe2 20. Rxe2 Rd7 21. b3 f6 22. Bb2 Kf7 $10 {
<->d}) 18... Rxd1+ (18... Nd5 $5 19. Bd4 (19. Be5 Qc4 20. Qxc4 Rxc4 21. c3 f6
22. Bd4 b6 $14) 19... b6 (19... Bxc2 $2 20. Rd2 Nf4 21. Qe3 $18) 20. g3 Qc4 21.
Qxc4 Rxc4 22. c3 Rcc8 23. c4 $16) 19. Rxd1 h6 (19... Na4 20. Be5 Qxc2 21. Qxc2
Bxc2 22. Rc1 Rc5 23. Bd6 Rc4 24. Bd1 $18) 20. Rc1 (20. h4 $1 Na4 21. Be5 Qb6 (
21... Qxc2 $2 22. Qxc2 Rxc2 23. g4 f6 (23... Bg6 24. h5 $18) 24. Bxf6 gxf6 25.
gxf5 Kf8 26. fxe6 $16) (21... Qe7 22. Qb5 Nb6 23. c3 Qxh4 24. Bxb7 Rd8 25.
Rxd8+ Qxd8 26. Bd4 $16) 22. Bd4 (22. c4 Qb3) 22... Qc7 (22... Qa6 23. Qxa6 bxa6
24. c4 Bc2 25. Bb7 Rxc4 26. Bxa6 Rc6 27. Rc1 $16) 23. c4 $1 $16 {/\b3}) 20...
Nc4 $1 $10 {/\Qb6} 21. a4 Nb6 22. Be5 (22. a5 $6 Na4 23. Be5 Qxa5 24. Bxb7 Rxc2
$1 25. Rxc2 Bxc2 $17) 22... Qe7 23. b3 Qg5 24. Bb2 Nd5 25. g3 Qg6 (25... Nc3
26. Qe1 b6 27. h4 Qf6 28. Kh2 $14) (25... b6 26. h4 Qg6 27. c4 Nf4 28. Qd2 Nd3
29. Rd1 $10) 26. Qb5 (26. c4 Nf4 27. Qd2 (27. Qe3 Nd3) 27... Nh3+ 28. Kh1 (28.
Kg2 Ng5 $36) 28... Be4 29. Qe3 Rd8 $1 30. Bxe4 $2 Qxe4+ 31. Qxe4 Nxf2+ 32. Kg2
Nxe4 $17) 26... Rxc2 27. Rxc2 Bxc2 28. Qxb7 Qf5 (28... Be4 29. Bxe4 Qxe4 30.
Qb8+ Kh7 31. Qe5 $10) 29. Qc8+ Kh7 30. Bxd5 exd5 1/2-1/2

[Event "Goodricke op 07th"]
[Site "Kolkata"]
[Date "1996.??.??"]
[Round "4"]
[White "Barua, Dibyendu"]
[Black "Speelman, Jonathan S"]
[Result "0-1"]
[WhiteElo "2520"]
[BlackElo "2625"]
[Annotator "Dolmatov,S"]
[PlyCount "118"]
[EventDate "1996.02.??"]
[EventType "swiss"]
[EventRounds "11"]
[EventCountry "IND"]
[SourceTitle "CBM 050 Extra"]
[Source "ChessBase"]
[SourceDate "1996.03.01"]
[SourceVersion "1"]
[SourceVersionDate "1996.03.01"]
[SourceQuality "1"]

1. e4 d5 2. exd5 Qxd5 3. Nc3 Qa5 4. d4 Nf6 5. Nf3 c6 6. Bc4 Bf5 7. Bd2 e6 8.
Qe2 Bb4 9. O-O-O Nbd7 10. Nh4 $6 (10. Kb1 $5) 10... Bg4 11. f3 Bxc3 12. bxc3 (
12. Bxc3 $2 Qg5+ $17) 12... Bh5 13. g4 $146 (13. Bb3 O-O-O 14. Kb2 Qc7 15. g4
Bg6 16. Ng2 $14 {Smagin,S-Levin,F/Novgorod/1995/}) 13... Bg6 14. Nxg6 (14. Bb3
$5 Nb6) 14... hxg6 15. Bb3 Qa3+ $5 (15... Nb6 16. Kb1 Nfd5 17. Qd3 Na4 18. c4
$16) 16. Kb1 a5 17. Bc1 Qd6 18. a3 Nd5 19. Qd3 b5 (19... Rxh2 20. c4 N5f6 21.
g5 Nh5 22. c5 Qg3 23. Rxh2 Qxh2 24. Qe4 $44) 20. c4 $8 bxc4 21. Qxc4 O-O (21...
a4 22. Ba2 O-O 23. Ka1 c5 $132) 22. Ka1 Rfb8 23. Ba2 (23. Qd3 $2 c5 24. dxc5
Nxc5 $17) 23... N7b6 (23... c5 $5 24. dxc5 Nxc5 25. Qd4 Qb6 26. c4 (26. Bb2 Nf6
27. Bc3 Rd8 $132) 26... Nb3+ 27. Bxb3 Qxb3 28. Bb2 Nf6 $10) 24. Qc5 Qxc5 $2 (
24... Qd7 $5 25. h4 Qb7 $15) 25. dxc5 Na4 26. Rd4 Nac3 (26... Nxc5 27. Rc4 Nd7
28. Rxc6 Ne5 29. Bxd5 exd5 30. Rc5 $14) 27. Bd2 e5 28. Rd3 Nxa2 29. Kxa2 e4 $1
30. fxe4 Nf6 31. Re1 Nxg4 32. Rd6 Rb5 $6 (32... Ne5 $142 33. Bc3 Re8 34. Bxe5
Rxe5 35. Rxc6 Rae8 $10) 33. Rxc6 Ne5 34. a4 $1 (34. Rc7 Nf3 35. Re2 Nd4) 34...
Rbb8 (34... Rb7 35. Rb6 Rc7 36. Be3) 35. Rb6 Rc8 (35... Nc4 36. Rxb8+ Rxb8 37.
Bc3 Rc8 38. Bd4 $14) 36. Be3 (36. Rb5 $2 Nf3 37. Re2 Nd4 $17) 36... Re8 37. Rb5
Nf3 38. Reb1 (38. Rf1 $2 Nxh2) 38... Kh7 (38... Rxe4 39. c6 (39. Rb8+ Rxb8 40.
Rxb8+ Kh7 41. c6 $2 Rc4) 39... Rc4 (39... Rxe3 $2 40. Rb8+ Re8 41. c7 $18) 40.
Rc5 Rxc5 41. Bxc5 Rc8 42. Rb5 $14) 39. c6 Rac8 40. Rc5 Rxe4 41. Rb3 $14 Ne5 42.
c7 Rxa4+ 43. Ra3 (43. Kb1 Nd7 44. Rcc3 Nf6 $132 45. Rb8 Rb4+) 43... Re4 44. Bf2
f5 45. Raxa5 (45. Re3 $5 Ra4+ (45... Ng4 $2 46. Rxe4 fxe4 47. Bg3 $16) 46. Ra3)
45... Ng4 46. Bg1 f4 47. h3 Nf6 48. Rab5 $2 (48. Rc3 $5 Re7 $140 49. Bb6 $10)
48... Re7 49. Rb4 Rexc7 50. Rxc7 Rxc7 51. Rxf4 Rxc2+ 52. Kb1 $6 (52. Kb3 $142
$15) 52... Re2 $6 (52... Rc3 $5 53. h4 Kh6 $17) 53. Bd4 g5 54. Rf3 Kg6 55. Kc1
Nd5 56. Kd1 $4 (56. Bxg7 $1 Kxg7 57. Rf5 Re1+ (57... Rc2+ 58. Kb1 $10) 58. Kb2
$10) 56... Re4 57. Bb2 Ne3+ 58. Kd2 $2 (58. Kc1 Ng2 $17) 58... Nc4+ 59. Kd3 Rf4
0-1